000 00365nam a2200145Ia 4500
008 230917s9999||||xx |||||||||||||| ||und||
040 _e37591
_aMAIN
041 _aEnglish
082 _a823.7 T325V
100 _aThackeray, William Makepeace
245 0 _aVanity fair: A novel without a hero
260 _aLondon
_bCollins
_c1967
300 _a640 p.
942 _cBK
999 _c50446
_d50446